| 000 | 00675nam a2200277Ia 4500 | ||
|---|---|---|---|
| 005 | 20260324112312.0 | ||
| 008 | 008 260324s9999 xx 000 0 eng d | ||
| 020 | _a9781003298045 | ||
| 037 | _aEBOOK | ||
| 040 | _aCRL | ||
| 040 | _beng | ||
| 040 | _cCRL | ||
| 041 | _2eng | ||
| 041 | _aeng | ||
| 084 | _qCRL | ||
| 100 |
_aSebastian Deterding; José P. Zagal _91142132 |
||
| 245 | 4 | _aThe Routledge Handbook of Role-Playing Game Studies | |
| 260 | _bTaylor and Francis | ||
| 260 | _c2024 | ||
| 365 | _a | ||
| 365 | _b340 | ||
| 856 | _uhttp://www.taylorfrancis.com/books/9781003298045 | ||
| 942 | _cEBOOK | ||
| 999 |
_c1731285 _d1731285 |
||